Logo Quiz - Statystyki

Ogólne statystyki
  • Ten quiz został rozwiązany 5 668 razy
    158 od ostatniego zresetowania
  • Średni wynik to 23 z 40
Statystyki odpowiedzi
Obrazkowy Odpowiedź % Poprawnych
X
90%
Aldi
85%
Messenger
85%
T-Mobile
85%
Tesco
83%
Pinterest
81%
Honda
80%
LG
79%
Mercedes-Benz
76%
Toyota
76%
Opera
75%
Carrefour
74%
Cartoon Network
74%
Volkswagen
74%
Bluetooth
73%
Kaufland
73%
Nickelodeon
71%
WhatsApp
71%
Playstation
70%
Gucci
68%
Dove
62%
Netto
61%
Warner Bros
59%
National Geographic
58%
TUI
54%
Circle K
53%
Microsoft Word
49%
Mozilla Firefox
49%
Converse
48%
Castorama
42%
Avast
39%
Spar
33%
VIVA
32%
Gatorade
31%
Comedy Central
30%
AMC
24%
E-Leclerc
24%
Sodexo
23%
NBC
18%
Animal Planet
14%
Nie znaleziono quizów pasujących do podanych kryteriów
Rozkład punktacji
Procent ludzi z każdym wynikiem
Percentyl według liczby udzielonych odpowiedzi
Twoja historia wyników
Nie rozwiązałeś tego quizu od ostatniego zresetowania